000 00682nam a2200277Ia 4500
005 20260324134656.0
008 008 260324s9999 xx 000 0 eng d
020 _a9780203401989
037 _aEBOOK
040 _aCRL
040 _beng
040 _cCRL
041 _2eng
041 _aeng
084 _qCRL
100 _aMatthew Higgins; Geoff Lightfoot; Martin Parker; Warren Smith
_91197724
245 0 _aScience Fiction and Organization
260 _bTaylor and Francis
260 _c2001
365 _a
365 _b255
856 _uhttp://www.taylorfrancis.com/books/9780203401989
942 _cEBOOK
999 _c1798044
_d1798044